Marcas por emojis. - Estadísticas

Estadísticas generales
  • Esta prueba ha sido intentada 264 veces
  • La puntuación promedio es 8 de 29
Estadísticas de respuestas
Emojis Marca % Correcto
👟 ✔️ 🏃 Nike
99%
🐆 👟 🏃‍♂️ Puma
93%
🐊 👕 🎾 Lacoste
92%
🥇 ⚽ 🏃🏻‍♂️ Adidas
71%
🏇 👔 🇺🇸 Ralph Lauren
59%
👜 🐍 💎 Gucci
58%
👗 🇪🇸 🛍️ Zara
50%
🧥 🏔️ 🎒 The North Face
40%
👜 🌟 🎩 Louis Vuitton
28%
👟 ⭐ 🎸 Converse
26%
👠 👜 🔝 Prada
24%
🐍 👑 🌟 Versace
21%
👟 🏄 🎨 Vans
15%
❓ 👖 👜 Guess
14%
👜 🐎 🧣 Hermes
14%
🧥 🇬🇧 🔳 Burberry
9%
🏋️‍♂️ 🛡️ 🏆 Under Armour
9%
🧢 ⚾ 🏀 New Era
6%
👕 👖 🔵 Calvin Klein
5%
🧢 👖 🛠️ Carhartt
5%
🥊 🧢 💪 Everlast
5%
🎱 🏄🏻‍♂️ 🛹 Stussy
5%
🏞️ 🇳🇴 🧥 Napapijiri
4%
🕶️ 🚴‍♂️ 🏂 Oakley
4%
👙 💖 👼 Victoria´s Secret
4%
🌊 🦅 🏄‍♂️ Hollister
3%
👖 🔴 🤠 Levi´s
3%
👕 🎾 🌿 Fred Perry
2%
🌲 👕 🦌 Abercrombie & Fitch
0%
No se encontraron pruebas coincidentes
Distribución de puntuación
Porcentaje de gente con cada puntuación
Porcentaje por número respondido
Historial de tus puntuaciones
No has intentado esta prueba.